000 01103nam a22003497a 4500
001 0013722
003 KOHA_MİRAKIL
005 20260207001929.0
007 ta
008 100219b2007 tu |||gr||||#||||0|tur |
020 _a9789756218754
040 _aTR-BiSEU
_btur
_cTR-BiSEU
_erda
041 0 _atur
044 _ctu
050 _aHF5386
_b.O95 2007
100 1 _aÖzkol, Sedat.
245 1 _aMükemmelliğe ulaşmak için 7e paradigması :
_b(72=etik+ekolojik+ergonomik+estetik+elastik+ekonomik+elektronik)/
_cSedat Özkol ; Sedat Özkul.
264 1 _aİstanbul :
_bHayat
_c2007
300 _a310 sayfa
336 _ametin
_btxt
_2rdacontent
337 _aaracısız
_bn
_2rdamedia
338 _acilt
_bnc
_2rdacarrier
490 1 _aHayat yayınları ;
_v255.
490 1 _aYönetim dizisi ;
_v66.
650 0 _aSuccess in business.
_93920
650 0 _aInternational management.
_932253
650 0 _aBusiness ethics.
_98141
650 0 _aBusiness--Management.
_932254
830 1 _aHayat yayınları ;
_v255.
_99026
830 1 _aYönetim dizisi ;
_v66.
_95763
942 _2lcc
_cBK
999 _c13686
_d13686